000 05105nam a22003137a 4500
003 NALT
005 20260129122915.0
008 251223b th ||||| |||| 00| 0 tha d
020 _a9789740219477
040 _a์NALT
041 1 _atha
_hkor
050 _aBF 168
_bค451พ 2568
100 1 _aคิม, ซัง-จุน
_963613
245 1 0 _aเพราะชีวิตมีเรื่องทุกข์ ฉันจึงต้องเริ่มคิดเรื่องสุขให้ตัวเอง /
_cคิมซังจุน เขียน ; สิรีภรณ์ สงวนสิน แปล.
250 _aพิมพ์ครั้งแรก.
260 _aกรุงเทพฯ :
_bมติชน,
_c2568.
300 _a540 หน้า ;
_c18 ซม.
500 _aแปลจาก: Dangsin ui saeng-gag i dangsin eul sog-igo issda.
505 2 _a1 นาที จิตใจคืออะไร -- 1. ความคิดของคุณกำลังล่อลวงคุณอยู่ -- 2. วิธีไม่ให้ถูกหอกแทงซ้ำสอง -- 3. ชีวิตก็เหมือนฝันที่ว่างเปล่า -- 4. หลบหนีออกจากคุกทางใจ -- 5. วิธีหลีกเลี่ยงภัย 3 ประการ -- 6. ถ้ารู้สาเหตุแล้วทุกอย่างจะคลี่คลายหรือเปล่า? -- 3 นาที การควบคุมจิตใจ -- 7. สร้างซิกซ์แพ็กให้หัใจกันเถอะ -- 8. เพราะปรารถนาอะไรบางอย่างจึงทำให้เป็นทุกข์ -- 9. ชีวิตอันหอมหวาน -- 10. อย่าตีแม้ด้วยดอกไม้ -- 11. คนที่ถูกทิ้งไว้จากความตายของคนที่รัก -- 12. จงระลึกถึงความตาย (Memento mori) -- 6 นาที หัวใจที่แปรปรวน -- 13. ความโชคร้ายของฉัน ความดวงซวยของฉัน -- 14. หยุดรบกวนพระเจ้าและพระพุทธเจ้ากันเถอะ -- 15. การหลุดพ้นจากความทุกข์ที่วนเวียนอยู่ในชีวิต -- 16. ความรัก อันว่าด้วยความเบาบาง -- 17. นี่ไม่ใช่เรื่องของฉัน, การแทรกแซงและคำแนะนำที่ไร้ประโยชน์ -- 18. ทำไมฉันถึงซึมเศร้า -- 9 นาที หัวใจที่เป็นสุข -- 19. เหตุผลที่เราต้องมีความสุข -- 20. เครื่องรางปัดเป่าโชคร้ายและนำโชคดีมาให้ -- 21. โปรดส่งตัวตลกมาที -- 22. การใช้ชีวิตท่ามกลางคำวิจารณ์ -- 23. เหตุและผล -- 12 นาที พักใจ -- 24. วิธีใช้ชีวิตบนโลกที่บ้าคลั่ง -- 25. ระหว่างที่รอโกโดต์ -- 26. ผู้ที่ต้องการการปลอบใจ ผู้ที่อยากปลอบใจ -- 27. ความสมบูรณ์แบบคือโรคภัย -- 28. จะเก็บอะไรไว้ และทิ้งอะไรไป -- 29. ความอวดดีและอคติ -- 15 นาที หัวใจที่ยิ่งใหญ่ -- 30. ยัยตัวร้ายกับนายต่างดาว (My love from the star) มีอะไรให้กลัวหรือ -- 31. เหตุผลที่ชิมชองตกลงไปในทะเลอินดังซู -- 32. วิธีใช้ชีวิตให้สมกับที่เป็นมนุษย์ -- 33. วิธีเป็นเศรษฐีผู้ยิ่งใหญ่ -- 35. โศกนาฏกรรมของคนข้ามเพศ - ผู้หญิงที่อยากเป็นผู้ชาย และผู้ชายที่อยากเป็นผู้หญิง.
650 4 _aจิตใจและร่างกาย
_950368
650 4 _aจิตวิเคราะห์
_967195
653 4 _aการตระหนักตนเอง
700 0 _aสิริภรณ์ สงวนสิน
_963614
942 _cGB
_2lcc
996 _ajidapa.t
_bACQSTF
_c2025-12-23
996 _avaree.k
_bLIBSTF
_c2025-12-24
996 _asaiphon.d
_bCATSTF
_c2025-12-26
999 _c107591
_d107591
998 _j8
_k นายบัณฑิต อุทาวงค์